000 00592nam a22001817a 4500
005 20241129204602.0
008 241129b |||||||| |||| 00| 0 eng d
020 _a9781111572181
050 _aQD33.2
_b.M33
100 _aMasterton, William L.
245 _aChemistry/
_bprinciples and reactions, Instructor's Edition
_cWilliam L. Masterton, Cecile N. Hurley & Edward J. Neth
250 _a7th ed.
260 _aAustralia
_bThomson Brooks/Cole
_c2012
300 _axxv.774p.
_bill. some color
_c28cm
700 _aHurley, Cecile N.
700 _aNeth, Edward J.
942 _2lcc
_cBK
_e7th ed.
_n0
999 _c1800
_d1800